00334nam a2200133Ia 450000500170000000800410001702000150005808200130007310000200008624500280010626000400013430000120017465000140018620250612021157.0240331s9999 xx 000 0 und d a9552007550 bABEa320 aAbeysinghe, W.A 0aDeshaparlana vidya lipi acolombobS. godage & brothersc1992 a76 p ., aPolitical